ロード中...

Uttopia

書誌詳細
第一著者: More, Thomas
フォーマット: Printed Book
言語:English
出版事項: Kozhikode Cosmobooks 2009
LEADER 00490nam a22001577a 4500
008 180612s9999 000 0 eng
020 |a 9788122608694 
041 |a Mal 
082 |a M 100 
100 |a More, Thomas 
245 |a Uttopia  |c Moosakkutty tr 
260 |a Kozhikode  |b Cosmobooks  |c 2009 
300 |a 128p 
942 |2 ddc  |c BK 
999 |c 271969  |d 271969 
952 |0 0  |1 0  |4 0  |6 M_100_000000000000000_MOR_U  |7 0  |9 306016  |a ASC  |b ASC  |c ST1  |d 2018-09-05  |g 0.00  |l 0  |o M 100 MOR/U  |p ASC3765  |r 2018-08-20  |w 2018-08-20  |y BK